I percorsi del federalismo fiscale

Bibliographic Details
Main Author: Uricchio, Antonio
Format: eBook
Language:Italian
Published: Bari : Cacucci Editore, 2012
Subjects:
Online Access:http://www.vlex.es/source/11227

MARC

LEADER 00000nam a22000007a 4500
005 20130502143743.0
007 cr|||| ||||
008 130502e2012 it |||||s|||| 00||0 ita d
020 |a 9788866111115 
035 |a 11227 
040 |a vLex 
090 |c 4241  |d 4241 
100 1 0 |a Uricchio, Antonio 
245 1 2 |a I percorsi del federalismo fiscale  |c / Antonio Uricchio   |h [Recurso electrn̤ico] 
256 |a Servicio en ln̕ea 
260 |a Bari :  |b Cacucci Editore,   |c 2012 
300 |a 1 Recurso electrn̤ico 
506 |d vLex Global  |d vLex Global (Academic Edition, excluding Law Schools)  |d vLex Global (U.S. Academic Edition, Law Schools)  |d vLex Global (U.S. Academic Edition, excluding Law Schools)  |d vLex Global (Academic Edition, Law Schools) 
650 0 4 |a Hacienda pb︢lica  |z Italia 
650 0 4 |a Administracin̤ territorial  |z Italia 
650 0 4 |a Federalismo  |z Italia 
650 0 4 |a Derecho tributario  |z Italia 
650 0 4 |a Derecho administrativo  |z Italia 
740 |a vLex Libros (Servicio en ln̕ea) 
856 |a Acceso restringido  |u http://www.vlex.es/source/11227 
942 |c BOOK 
999 0 |a Taxation